000 00839nam a2200241 i 4500
001 142970
003 ES-MaACL
005 20230906200658.0
007 t|
008 071011s1978 sp af |||| |dspa d
080 _a946"1931/39"(093.32)
080 _a327.32(461.2)"1934"(093.32)
100 1 _aVidarte, Juan-Simeón.
_9114541
245 1 3 _aEl bienio negro y la insurrección de Asturias /
_ctestimonio del entonces vicesecretario del PSOE, Juan-Simeón Vidarte.
250 _a1ª ed.
260 _aBarcelona :
_bGrijalbo,
_c1978.
300 _a514 p., [8] h. de lám. ;
_c21 cm.
490 1 _aDimensiones hispánicas ;
_v22
651 4 _aEspaña-
_xHistoria-
_z1934, Revolución de octubre-
_vRelatos personales.
_98291
830 0 _aDimensiones hispánicas ;
_v22
_9181544
852 _aES-MaACL
_jA-10007
999 _c142970
_d142970